000 00655nam a2200169 i 4500
001 190218
003 ES-MaACL
005 20230906223653.0
007 t|
008 200916s1885 sp ||||1| spa d
110 2 _aReal Sociedad Económica Matritense de Amigos del País.
_96389
245 1 0 _aEstatutos y Reglamentos de la Sociedad Económica Matritense de Amigos del País aprobados en Junta de 12 de diciembre de 1885.
260 _aMadrid :
_b[s.n.],
_c1885 (
_fTip. de Manuel G. Hernández)
300 _a47 p. ;
_c15 cm.
610 2 4 _aReal Sociedad Económica Matritense de Amigos del País-
_vEstatutos.
_9147091
852 _aES-MaACL
_jT-877-F-3
999 _c190218
_d190218